000
00331 a2200157 4500
001
59643
020
_a
9783785563205
040
_c
Anchieta - Pituba
100
_a
Donelly, Joe
240
1
0
_a
Jack Flint
_l
por
245
1
0
_a
Jack Flint
300
_a
431
362
0
_a
2008
650
4
_a
Literatura juvenil em alemão
942
_c
BK
999
_c
59643
_d
59643